<?xml version="1.0" encoding="UTF-8"?>
<collection xmlns="http://www.loc.gov/MARC21/slim">
 <record>
  <leader>01568nam a2200193Ia 4500</leader>
  <controlfield tag="001">TDMU_37982</controlfield>
  <controlfield tag="008">210410s9999    xx            000 0 und d</controlfield>
  <datafield tag="082" ind1=" " ind2=" ">
   <subfield code="a">005.133</subfield>
  </datafield>
  <datafield tag="100" ind1=" " ind2=" ">
   <subfield code="a">Đặng, Thị Kiều Linh</subfield>
  </datafield>
  <datafield tag="245" ind1=" " ind2="0">
   <subfield code="a">Tư tưởng phân chia quyền lực nhà nước lý luận và thực tiễn trong tổ chức quyền lực nhà nước ở Việt Nam</subfield>
  </datafield>
  <datafield tag="245" ind1=" " ind2="0">
   <subfield code="c">Đặng Thị Kiều Linh; ThS. Ngô Thiên Vân (hướng dẫn)</subfield>
  </datafield>
  <datafield tag="260" ind1=" " ind2=" ">
   <subfield code="a">Bình Dương</subfield>
  </datafield>
  <datafield tag="260" ind1=" " ind2=" ">
   <subfield code="c">2018</subfield>
  </datafield>
  <datafield tag="300" ind1=" " ind2=" ">
   <subfield code="a">37tr</subfield>
  </datafield>
  <datafield tag="520" ind1=" " ind2=" ">
   <subfield code="a">Đề tài NCKH Sinh viên tham gia  cuộc thi sinh viên nghiên cứu khoa học năm học 2017 - 2018, Xét giải thưởng &quot;tài năng khoa học trẻ đại học Thủ Dầu Một&quot; năm 2018; Cơ quan chủ trì: Trường Đại học Thủ Dầu Một; Nội dung gồm 2 chương: Chương 1. Khái quát tư tưởng phân chia quyền lực nhà nước. Chương 2. Thực tiễn vận dụng tư tưởng phân chia quyền lực nhà nước và đề xuất giải pháp nâng cao hiệu quả tổ chức quyền lực nhà nước tại Việt Nam</subfield>
  </datafield>
  <datafield tag="650" ind1=" " ind2=" ">
   <subfield code="a">Báo cáo tổng kết; Phân chia quyền lực nhà nước</subfield>
   <subfield code="z">Việt Nam</subfield>
   <subfield code="x">Lý luận và thực tiễn</subfield>
  </datafield>
  <datafield tag="700" ind1=" " ind2=" ">
   <subfield code="a">Ngô, Thiên Vân</subfield>
  </datafield>
  <datafield tag="856" ind1=" " ind2=" ">
   <subfield code="u">http://lrc.tdmu.edu.vn/opac/search/detail.asp?aID=2&amp;ID=37982</subfield>
  </datafield>
  <datafield tag="980" ind1=" " ind2=" ">
   <subfield code="a">Trung tâm Học liệu Trường Đại học Thủ Dầu Một</subfield>
  </datafield>
 </record>
</collection>
